Регионална библиотека "Любен Каравелов" - Русе

Остроумието в математиката (Запис номер 188501)

MARC детайли
000 -Лидер
Контролно поле с фиксирана дължина 01298nam a2200325 c 4500
003 - Код на организацията, давaща контролен номер
Контролно поле BLK
005 - Дата и час на последна редакция
Контролно поле 20180422115609.0
008 - Елементи от данни с фиксирана дължина
fixed length control field 180411b bul|||||r ||||||| ||bul||
010 ## - Наследен системен номер
LC control number KNG00197519000
040 ## - Източник на каталожния запис
Идентификатор на билиотеката - собственик на записа BLK
041 ## - Код за език
Код за езика на текст/звукозапис или на отделно заглавие Български
Код за езика КДБФ Български
Други езици Английски
080 ## - УДК
Текстов определител УДК Математика
УДК код - определител по УДК 51
УДК определител
УДК - код + определител 51
100 1# - Редна дума - Автор
Автор Хонсбъргър, Рос
Авторска отговорност първи автор
R(LIN) 137485
139 ## - Редно поле
Редна дума Хонсбъргър, Рос
Авторски знак Хом - Х 64
245 10 - Сведения за заглавието
Заглавие Остроумието в математиката
Подзаглавни данни Науч.-попул. четиво
Редно поле (дума) Рос Хонсбъргър; прев. от англ. Иван Димовски.
257 ## - Страна на издаване
Страна на създаване/издаване България
260 ## - Област на издателските данни
-- София
Име на издателя, разпространителя и проч. Наука и изкуство
Година на издаване 1982
Печатница Ямбол : Г. Димитров
300 ## - Физическа характеристика
Страници 220 с.
Илюстрации и др. с черт.
Размери/Мащаб 17 см
380 ## - Жанр
Жанр Естествени науки. Математика
500 ## - Общи забележки
Забележка Ориг. загл. Ingennity in mathematics.- Библиогр. с. 216-217 и след отд. гл
650 #4 - Допълнително описание по предмет – тема
Основно описание – тема или топоним Математика
9 (RLIN) 161297
653 ## - Ключова дума – ненормативна
Ключова дума математика
653 ## - Ключова дума – ненормативна
Ключова дума научно-популярни книги
700 1# - Други автори (авторска отговорност)
Лично име Димовски, Иван
Автороска отговорност (Описва отношението между автора и произведението) прев. от англ.
9 (RLIN) 368581
852 ## - Местоположение
Форматна сигнатура Цб І 19813
856 4# - Електронен адрес и достъп
Електронен формат pdf - файл
Път до файла /url/
856 4# - Електронен адрес и достъп
Електронен формат pdf - файл
Път до файла /url/
942 ## - АРТИКУЛИ
Вид на библиотечния материал Книги
Скрит в OPAC Не
944 ## - СЪЗДАВАНЕ И РЕДАКЦИЯ на ЗАПИСА
Създаване/Редакция Създаване
Дата на регистрацията/редакция 06.12.2016
Служител, извършил регистрацията/редакцията Христина_Везирева
944 ## - СЪЗДАВАНЕ И РЕДАКЦИЯ на ЗАПИСА
Създаване/Редакция Редакция
Дата на регистрацията/редакция 06.12.2016
Служител, извършил регистрацията/редакцията Христина_Везирева
999 ## - СИСТЕМНИ КОНТРОЛНИ НОМЕРА
Koha biblionumber 188501
Koha biblioitemnumber 188501
Наличности
Код за отписване Код за изгубен артикул Източник на класификационната схема Код за повреда Коз за рестрикции Код за отдаване Артикулен № Име на библиотеката - собственик Име на библиотеката, в която се намира в момента Статус (Текущо местоположение) Дата на вписване в системата Местоположение - отдел Цена в лева Инвентарен номер Систематично азбучна сигнатура Баркод Номер на екземпляра Цена в евро Служебна бележка Служебен тип на артикула
  Не е изгубен Universal Decimal Classification Не е повреден само за читалня ползва се в читалня 330875 Регионална библиотека "Любен Каравелов" Русе Регионална библиотека "Любен Каравелов" Русе Хранилище 1982-01-01 Хранилище 0.69 359691 Цб І 19813 120000359691 1 0.35 Вид: Сф N: стар фонд Дата: 01.01.1982 Книги
Изтеглен Не е изгубен Universal Decimal Classification Не е повреден без рестрикции заемане за дома 330876 Регионална библиотека "Любен Каравелов" Русе Регионална библиотека "Любен Каравелов" Русе Заемна - подръчен фонд 1982-01-01 Заемна - подръчен фонд 0.69 360307 П 51/Х 64 360307 2 0.35 Вид: Сф N: стар фонд Дата: 01.01.1982 Книги
Изтеглен Не е изгубен Universal Decimal Classification Не е повреден без рестрикции заемане за дома 330877 Регионална библиотека "Любен Каравелов" Русе Регионална библиотека "Любен Каравелов" Русе Заемна - подръчен фонд 1982-01-01 Заемна - подръчен фонд 0.69 360311 П 51/Х 64 360311 3 0.35 Вид: Сф N: стар фонд Дата: 01.01.1982 Книги
Изтеглен Не е изгубен Universal Decimal Classification Не е повреден без рестрикции заемане за дома 330878 Регионална библиотека "Любен Каравелов" Русе Регионална библиотека "Любен Каравелов" Русе Заемна - подръчен фонд 1982-01-01 Заемна - подръчен фонд 0.69 623513 П 51/Х 64 623513 4 0.35 Вид: Сф N: стар фонд Дата: 01.01.1982 Дата инв: 08.02.2018 Бележки инв: П2018 Книги
Vip Innovations Ltd, Rousse, Bulgaria 2025